000 00460nam a22001337a 4500
082 _aMSEE-4 MAN
100 _aAunas Manzoor
_998964
245 _aUnordered escape routing in dense PDBs using optimization theory
260 _aIslamabad
_bNUST-SEECS
_c2014
300 _a67p.
_bill.;
_eCD ROM
500 _aDr. Anjum Naveed, Dr. Hassaan Khaliq, Dr. Ammar Hassan, Dr. Rehan Hafiz
856 _uhttp://10.250.8.41:8080/xmlui/handle/123456789/9447
942 _cPR
_2ddc
999 _c13423
_d13423